21世紀広島東洋カープ開幕スタメン - Statistics

General Stats
  • This quiz has been taken 50 times
    31 since last reset
  • The average score is 164 of 234
Answer Stats
Answer % Correct
坂倉将吾
100%
坂倉将吾
100%
坂倉将吾
100%
坂倉将吾
100%
石原慶幸
95%
石原慶幸
95%
石原慶幸
95%
石原慶幸
95%
石原慶幸
95%
石原慶幸
95%
2013 菊池涼介
95%
丸佳浩
95%
石原慶幸
95%
2014 丸佳浩
95%
菊池涼介
95%
石原慶幸
95%
2015 鈴木誠也
95%
菊池涼介
95%
丸佳浩
95%
田中広輔
95%
2016 田中広輔
95%
菊池涼介
95%
丸佳浩
95%
石原慶幸
95%
2017 田中広輔
95%
菊池涼介
95%
丸佳浩
95%
鈴木誠也
95%
石原慶幸
95%
2018 田中広輔
95%
菊池涼介
95%
丸佳浩
95%
鈴木誠也
95%
2019 田中広輔
95%
菊池涼介
95%
鈴木誠也
95%
菊池涼介
95%
鈴木誠也
95%
田中広輔
95%
2021 田中広輔
95%
菊池涼介
95%
鈴木誠也
95%
菊池涼介
95%
秋山翔吾
95%
菊池涼介
95%
2024 菊池涼介
95%
秋山翔吾
95%
菊池涼介
95%
菊池涼介
95%
新井貴浩
90%
新井貴浩
90%
黒田博樹
90%
黒田博樹
90%
黒田博樹
90%
新井貴浩
90%
黒田博樹
90%
新井貴浩
90%
黒田博樹
90%
前田健太
90%
前田健太
90%
前田健太
90%
前田健太
90%
會澤翼
90%
前田健太
90%
新井貴浩
90%
新井貴浩
90%
會澤翼
90%
會澤翼
90%
會澤翼
90%
會澤翼
90%
會澤翼
90%
矢野雅哉
90%
會澤翼
90%
東出輝裕
85%
東出輝裕
85%
東出輝裕
85%
東出輝裕
85%
東出輝裕
85%
東出輝裕
85%
2010 東出輝裕
85%
東出輝裕
85%
2012 東出輝裕
85%
エルドレッド
85%
エルドレッド
85%
エルドレッド
85%
エルドレッド
85%
大瀬良大地
85%
大瀬良大地
85%
大瀬良大地
85%
小園海斗
85%
大瀬良大地
85%
2023 小園海斗
85%
大瀬良大地
85%
小園海斗
85%
小園海斗
85%
ファビアン
85%
小園海斗
85%
ファビアン
85%
金本知憲
80%
金本知憲
80%
前田智徳
80%
前田智徳
80%
前田智徳
80%
前田智徳
80%
前田智徳
80%
前田智徳
80%
松山竜平
80%
松山竜平
80%
松山竜平
80%
松山竜平
80%
松山竜平
80%
松山竜平
80%
松山竜平
80%
松山竜平
80%
松山竜平
80%
モンテロ
80%
梵英心
75%
2007 梵英心
75%
梵英心
75%
梵英心
75%
梵英心
75%
2011 梵英心
75%
梵英心
75%
梵英心
75%
梵英心
75%
梵英心
75%
ジョンソン
75%
ジョンソン
75%
野村祐輔
75%
中村奨成
75%
ラロッカ
70%
ラロッカ
70%
2008 天谷宗一郎
70%
天谷宗一郎
70%
天谷宗一郎
70%
堂林翔太
70%
堂林翔太
70%
堂林翔太
70%
堂林翔太
70%
堂林翔太
70%
堂林翔太
70%
森下暢仁
70%
床田寛樹
70%
緒方孝市
65%
緒方孝市
65%
緒方孝市
65%
栗原健太
65%
緒方孝市
65%
2006 緒方孝市
65%
栗原健太
65%
栗原健太
65%
緒方孝市
65%
栗原健太
65%
2009 赤松真人
65%
栗原健太
65%
栗原健太
65%
栗原健太
65%
赤松真人
65%
栗原健太
65%
ルナ
65%
九里亜蓮
65%
2002 野村謙二郎
60%
野村謙二郎
60%
野村謙二郎
60%
野村謙二郎
60%
倉義和
60%
倉義和
60%
倉義和
60%
野間峻祥
60%
野間峻祥
60%
シーツ
55%
嶋重宣
55%
シーツ
55%
嶋重宣
55%
嶋重宣
55%
嶋重宣
55%
アレックス
55%
嶋重宣
55%
ルイス
55%
ルイス
55%
キラ
55%
2026 平川蓮
55%
大竹寛
50%
西川龍馬
50%
西川龍馬
50%
西川龍馬
50%
2022 西川龍馬
50%
西川龍馬
50%
佐々木泰
50%
佐々岡真司
45%
佐々岡真司
45%
バリントン
45%
安部友裕
45%
安部友裕
45%
安部友裕
45%
マクブルーム
45%
シャイナー
45%
2025 二俣翔一
45%
勝田成
45%
ロペス
40%
ロペス
40%
シーボル
40%
シーボル
40%
レイノルズ
40%
西山秀二
35%
西山秀二
35%
西山秀二
35%
岩本貴裕
35%
デビッドソン
35%
2001 木村拓也
30%
ディアス
30%
2004 木村拓也
30%
2005 尾形佳紀
30%
廣瀬純
30%
廣瀬純
30%
廣瀬純
30%
ニック
30%
廣瀬純
30%
田村俊介
30%
2003 福地寿樹
25%
メヒア
25%
末包昇大
25%
上本崇司
25%
上本崇司
25%
フィオ
20%
クロン
20%
町田公二郎
15%
ヒューバー
15%
下水流昂
15%
2020 ピレラ
15%
山崎浩司
5%
グスマン
5%
ハースト
0%
トレーシー
0%
No matching quizzes found
Score Distribution
Percent of People with Each Score
Percentile by Number Answered
Your Score History
You have not taken this quiz since the last reset